Szent István királyunkra emlékezünk

Bibliographic Details
Main Author: Popély, Gyula, 1945- (Author)
Format: Article
Language:Hungarian
Subjects:

MARC

LEADER 00000nab a2200000 a 4500
001 vtls000734020
003 SK-MaSNL
005 20260318122041.0
008 170412c2000 xo 0 hun
015 |a SNBRB2000/10-24597 
035 |a CLN000086126 
040 |a SNKBUCL  |b slo  |c SNKBUCL  |e AACR2 
041 0 |a hun 
044 |a xo  |c SK 
080 |a 943.9"453.1"  |2 1997 
080 |a 943.9-051"09/10"  |2 1997 
080 |a 943.92-051"09/10"  |2 1997 
100 1 |a Popély, Gyula,  |d 1945-  |4 aut  |9 85478 
245 1 0 |a Szent István királyunkra emlékezünk  |c Popély Gyula 
600 0 7 |a Štefan  |b I.,  |c uhorský kráľ,  |d asi 975-1038  |2 snkbucl  |9 342561 
651 7 |a Maďarsko  |x milénium  |2 snkbucl  |9 1500766 
655 7 |a články z novín a časopisov  |2 snkbucl  |9 267496 
773 0 |t Szabad újság  |g Roč. 8, č. 33 (2000), s. 1 
850 |a Slovenská národná knižnica v Martine 
852 |a SNK  |b KIS3GCP 
958 |a HU 
958 |a RBX 
999 |c 2995263  |d 2997193